التدبير العلاجي لمضاعفات الحمل والولادة : (Record no. 16749)
[ view plain ]
| 000 -الفاتح | |
|---|---|
| حقل البيانات ثابتة الطول | 00937nam a22001937a 4500 |
| 008 - عناصر البيانات ثابتة الطول - معلومات عامة | |
| حقل البيانات ثابتة الطول | 120606s2007 ua||||| |||| 00| 0 ara d |
| 082 ## - رقم تصنيف ديوى العشرى | |
| رقم الطبعة | 22 |
| رقم التصنيف | 616.692 |
| رقم المادة | ت د ب |
| 110 ## - المدخل الرئيسى - إسم هيئة | |
| 9 (RLIN) | 30010 |
| اسم الهيئة أو اسم السلطة كمدخل | منظمة الصحة العالمية |
| 245 ## - بيان العنوان | |
| العنوان | التدبير العلاجي لمضاعفات الحمل والولادة : |
| بقية العنوان | دليل للقابلات والاطباء / |
| بيان المسئوليه,etc | منظمة الصحة العالمية. |
| 260 ## - PUBLICATION, DISTRIBUTION, ETC. (IMPRINT) | |
| مكان الناشر او الموزع | القاهرة : |
| اسم الناشر او الموزع | المكتب الاقليمي لشرق المتوسط، |
| تاريخ النشر أو التوزيع | 2007. |
| 300 ## - الوصف المادى | |
| التعداد | 112 ص. : |
| تفاصيل ماديه اخرى للوعاء | ايض. ؛ |
| أبعاد الوعاء | 22 سم. |
| 504 ## - تبصرة ببليوجرافية | |
| تبصرة ببليوجرافية,الخ | Donation from Dr. Shahraze |
| 650 ## - المدخل الاضافى بالموضوع-مصطلح موضوعى | |
| 9 (RLIN) | 17153 |
| مصطلح موضوعي أو اسم جغرافي كعنصر مدخل | الصحة العامة |
| 650 ## - المدخل الاضافى بالموضوع-مصطلح موضوعى | |
| 9 (RLIN) | 21978 |
| مصطلح موضوعي أو اسم جغرافي كعنصر مدخل | الصحة الوقائية |
| 650 ## - المدخل الاضافى بالموضوع-مصطلح موضوعى | |
| 9 (RLIN) | 30021 |
| مصطلح موضوعي أو اسم جغرافي كعنصر مدخل | الحمل والولادة |
| 653 ## - مصطلح تكشيفى غير مقيد | |
| Resource For college | |
| Arrived date list | June2012 |
| 942 ## - عناصر المدخل الإضافي( كوها) | |
| مصدر التصنيف او مخطط الترفيف | Dewey Decimal Classification |
| Koha [default] item type | |
| حالة التراجع | حالة الفقد | مصدر التصنيف او خطة الترفيف | حالة تلف | ليس للاعارة | مجموعات كوها | المكان الدائم | المكان الحالي | موقع الترفيف | تاريخ الاكتساب | Source of acquisition | رقم الاستدعاء | الباركود | Date last seen | نوع الوعاء |
|---|---|---|---|---|---|---|---|---|---|---|---|---|---|---|
| Dewey Decimal Classification | Donation-Gift | Central Library | Central Library | First floor | 06/06/2012 | Donation | 616.692 ت د ب | 000026791 | 15/07/2025 | Book - Borrowing |